00680nam a2200193Ia 4500003000900000008004100009020001800050040001600068080001900084245016000103260003600263300001600299650004100315650002600356650002900382700002800411700002400439700002300463IN-BaIIA211028s9999 xx 000 0 eng d a0-8243-0938-3 cIIA Library a(05)52bANN-38 0aAnnual review of astronomy and astrophysicsbvol. 38cedited by Geoffrey Burbidge, Allan Sandage and Frank H. Shu  aPalo AltobAnnual Reviewsc2000 aviii, 859p. aAstronomy and astrophysics thesaurus aAstronomy-Periodicals aAstrophysics-Periodicals aBurbidge, Geoffrey, ed. aSandage, Allan, ed. aShu, Frank H., ed.